000 03047nam0a2200421 4500
001 RU\NLR\BIBL_A\016359115
005 20230613144433.0
010 _a978-5-9238-0274-0
_9500
021 _aRU
_bКН-П-23-021314
_9КН-П-23-2116
035 _a(NLR Aleph) 016359115
090 _a13145348
_c13145348
100 _a20230428d2023 k y0rusy50 ca
101 0 _arus
_aeng
102 _aRU
105 _aac||z|||110zy
181 0 _ai
_baxxe
182 0 _an
200 1 _aМатериалы 56-й Всероссийской научно-практической конференции с международным участием молодых ученых, специалистов-агрохимиков и экологов, посвященной 150-летию со дня рождения академика Константина Каэтановича Гедройца "Современные проблемы агрохимии, агропочвоведения и агроэкологии" (28 ноября 2022 г.)
_fМинистерство науки и высшего образования Российской Федерации (Минобрнауки России), Федеральное государственное бюджетное научное учреждение "Всероссийский научно-исследовательский институт агрохимии имени Д. Н. Прянишникова"
203 _aТекст
_bвизуальный
_cнепосредственный
210 _aМосква
_cВНИИА
_d2023
215 _a184 с.
_cил., цв. ил., портр.
_d21
300 _aЧасть текста англ.
320 _aБиблиогр. в конце докл.
600 1 _aГедройц
_bК. К.
_f1872 - 1932
_gКонстантин Каэтанович
_9899251
_3RU\NLR\AUTH\666482
606 1 _aСельскохозяйственная экология
_jСъезды, совещания и т.п
_91133792
_3RU\NLR\AUTH\66450547
606 1 _aПочвоведение
_jСъезды, совещания и т.п
_91086020
_3RU\NLR\AUTH\66106273
606 1 _aАгрономическая химия
_jСъезды, совещания и т.п
_9898911
_3RU\NLR\AUTH\666293
686 1 _aП028я431(2)
686 1 _aП03я431(2)
686 1 _aП04я431(2)
686 1 _aП03д(2)Гедройц
702 1 _aГедройц
_bК. К
_f1872-1932
_gКонстантин Каэтанович
_4280
710 1 2 _a"Современные проблемы агрохимии, агропочвоведения и агроэкологии", всероссийская научно-практическая конференция с международным участием молодых ученых, специалистов-агрохимиков и экологов
_d56
_eМосква
_f2022
_9848385
_3RU\NLR\AUTH\880591430
942 _cBOOK
980 _aNB